000 00479nam a22001817a 4500
001 TVUNI
005 20260126014644.0
008 221102s2021 vm vie d
020 _c120000
040 _aTVUNI
_eAACR2
041 0 _avie
100 1 _aNguyễn, Công Nghiệp
245 1 0 _aGiáo trình Tài Chính Công /
_cNguyễn Công Nghiệp
260 _aHà Nội :
_bTài Chính,
_c2021
300 _a258 tr. ;
_c24 cm.
942 _2ddc
_cBK
999 _c2422
_d2422
912 _a1
_bHiển Phạm